Music Quiz

Random Music or Billboard Quiz

US #1 Hits by Decade II Quiz Stats

 Plays Quiz Updated Aug 2, 2016

Challenge
Share
Tweet
Embed
Score 0/40 Timer 06:00
4 Plays Today
% Correct
Firework (Katy Perry)
82.8%
Call Me Maybe (Carly Rae Jepsen)
81.4%
Blurred Lines (Robin Thicke)
80.1%
Poker Face (Lady Gaga)
77.3%
Billie Jean (Michael Jackson)
75.8%
Rolling in the Deep (Adele)
73.5%
Lose Yourself (Eminem)
71.6%
Hotel California (The Eagles)
71.3%
Baby Got Back (Sir Mix-A-Lot)
70.3%
Eye of the Tiger (Survivor)
69.5%
Africa (Toto)
68.7%
No Scrubs (TLC)
68.7%
Viva la Vida (Coldplay)
68.2%
How Deep Is Your Love (Bee Gees)
65.6%
Yesterday (The Beatles)
62.8%
I'm a Believer (The Monkees)
62.2%
Wake Me Up Before You Go-Go (Wham!)
61.8%
Jailhouse Rock (Elvis Presley)
61.8%
I Will Always Love You (Whitney Houston)
61.8%
The Boy Is Mine (Brandy and Monica)
61.4%
% Correct
Bad Day (Daniel Powter)
61%
50 Ways to Leave Your Lover (Paul Simon)
60.6%
Paint It, Black (The Rolling Stones)
60.2%
Swinging on a Star (Bing Crosby)
58.1%
One More Night (Maroon 5)
57.8%
The Sign (Ace of Base)
53.7%
Let's Get It On (Marvin Gaye)
50.6%
Wake Up Little Susie (The Everly Brothers)
50.3%
Cat's in the Cradle (Harry Chapin)
49.9%
Some Enchanted Evening (Perry Como)
48.9%
Rum and Coca-Cola (The Andrews Sisters)
45.1%
Let Me Love You (Mario)
44.9%
Kokomo (The Beach Boys)
43.7%
Buttons and Bows (Dinah Shore)
41.7%
You Send Me (Sam Cooke)
41.1%
Paper Doll (Mills Brothers)
38.9%
Sugar, Sugar (The Archies)
38.4%
Too Young (Nat King Cole)
36.9%
The Twist (Chubby Checker)
28.5%
The Tennessee Waltz (Patti Page)
21.5%

You're not logged in!

Compare scores with friends on all Sporcle quizzes.
Join for Free
OR
Log In

You Might Also Like...

Show Comments

Extras

Top Quizzes Today


Score Distribution

Your Account Isn't Verified!

In order to create a playlist on Sporcle, you need to verify the email address you used during registration. Go to your Sporcle Settings to finish the process.

Report this User

Report this user for behavior that violates our Community Guidelines.

Details: